000 00542nam a2200169 4500
001 175847
003 ES-MaACL
005 20230906215929.0
008 101124s2010 sp |||| | spa d
080 _a821.134.2-14"19"
100 1 _aEmpaytaz de Croome, Dionisia.
_9144064
245 1 0 _aNueve canciones chinas
_b: diversas fuentes interpretadas por Dionisia Empaytaz.
260 _a[Barcelona] :
_bD. Empaytaz de Croome,
_c2010.
300 _a16 p. ;
_c21 cm.
594 _aDescripción basada en la cub.
852 _aES-MaACL
_j2266-F-13
999 _c175847
_d175847